• 首页
  • 本馆介绍
  • 公告通知
  • 最新文献
  • 馆藏检索
  • 电子资源
  • 读者导购
  • 参考咨询
  • 我的图书馆
  • 登录
  • 详细信息显示
  • 放入我的书架
  • 预约/预借图书
  • 作者相关作品
  • 分类相关作品
  • 丛书相关作品
  • 出版社相关作品

书目信息

  • 表格格式
  • 工作单格式
  • 卡片格式
题名:
名创优品没有秘密
    
 
作者: 杜博奇 著
分册:  
出版信息: 北京   中信出版社  2017
页数: xli, 212页
开本: 21cm
丛书名:
单 册:
中图分类: F724.2
科图分类:
主题词: 零售商业--ling shou shang ye--商业经营--经验--中国
电子资源:
ISBN: 978-7-5086-6783-6
000 01185nam0 2200253 450
001 012017000141
005 20180111091632.86
010    @a978-7-5086-6783-6@b@dCNY36.00
100    @a20161209d2017 em y0chiy0121 ea
101 0  @achi
102    @aCN@b110000
105    @aa z 000yy
106    @ar
200 1  @a名创优品没有秘密@Aming chuang you pin mei you mi mi@e通向未来的商业力量@f杜博奇著@g
210    @a北京@c中信出版社@d2017
215    @axli, 212页@c图@d21cm
330    @a本书全面阐述了名創優品商业模式的探索和构建过程, 以及这2年间的快速发展, 从市场、品质、零售物流、内部管理、外部合作等多个角度, 探讨互联网冲击下和实体经济寒潮中, 名創優品独树一帜、逆势崛起的深刻原因。 在商业的世界里, 无论市场如何变化, 核心本质从未改变, 正如塞尔福里奇百货公司( Selfridge) 创始人哈利·塞尔福里奇100年前的忠告所言, “要永远记住, 价格被遗忘后, 对品质的记忆还会持续很久, 这样, 企业自然会繁荣起来。”
517 1  @a通向未来的商业力量@Atong xiang wei lai de shang ye li liang
606 0  @a零售商业@Aling shou shang ye@x商业经营@x经验@y中国
690    @aF724.2@v5
701  0 @a杜博奇@Adu bo ji@4著
801  0 @aCN@b湖北三新@c20170323@g
905    @aBZT@dF724.2@e6
906    @dCNY36.00@n5@r1
    
    名创优品没有秘密:通向未来的商业力量/杜博奇著.-北京:中信出版社,2017
    xli, 212页:图;21cm
    
    
    ISBN 978-7-5086-6783-6:CNY36.00
    本书全面阐述了名創優品商业模式的探索和构建过程, 以及这2年间的快速发展, 从市场、品质、零售物流、内部管理、外部合作等多个角度, 探讨互联网冲击下和实体经济寒潮中, 名創優品独树一帜、逆势崛起的深刻原因。 在商业的世界里, 无论市场如何变化, 核心本质从未改变, 正如塞尔福里奇百货公司( Selfridge) 创始人哈利·塞尔福里奇100年前的忠告所言, “要永远记住, 价格被遗忘后, 对品质的记忆还会持续很久, 这样, 企业自然会繁荣起来。”
●
相关链接 在五车中查询图书 在当当中查询图书 在豆瓣中查询图书


正题名:名创优品没有秘密     索取号:F724.2/6         预约/预借

序号 登录号 条形码 馆藏地/架位号 状态 备注
1 846786   2000846786   第二书库/ [索取号:F724.2/6] 在馆    
2 846787   2000846787   第二书库/ [索取号:F724.2/6] 在馆    
3 846788   2000846788   第二书库/ [索取号:F724.2/6] 在馆    
山东省滨州职业学院图书馆 欢迎您!
大连网信软件有限公司© 版权所有